| Поле | Название | Значение |
| |
Тип записи |
a |
| |
Библиографический уровень |
m |
| 001 |
Контрольный номер |
6c4502759d10424b8e8564352a940b5c |
| 005 |
Дата корректировки |
20140625102907.9 |
| 010 |
Индекс ISBN |
__ |
| a |
ISBN |
5-279-02591-7 |
| 200 |
Заглавие и сведения об ответственности |
1_ |
| a |
Заглавие |
Основы теории управления |
| e |
Сведения, относящиеся к заглавию |
учеб. пособие для вузов |
| f |
Первые сведения об ответственности |
В.Н.Парахина, Л.И.Ушвицкий, Г.В.Воронцова и др.;под ред. В.Н.Парахиной, Л.И.Ушвицкого |
| 210 |
Выходные данные |
1_ |
| a |
Место издания |
М. |
| c |
Издательство |
Финансы и статистика |
| d |
Дата издания |
2004 |
| 215 |
Физическое описание |
__ |
| a |
Объем |
557 с. |
| 300 |
Общие примечания |
__ |
| a |
Общие примечания |
гриф УМО |
| 610 |
Ключевые слова |
0_ |
| a |
Ключевые слова |
теория управления |
| a |
Ключевые слова |
менеджмент |
| a |
Ключевые слова |
история менеджмента |
| a |
Ключевые слова |
практика управления |
| a |
Ключевые слова |
международный менеджмент |
| a |
Ключевые слова |
функции управления |
| a |
Ключевые слова |
управленческие решения |
| a |
Ключевые слова |
коммуникации |
| a |
Ключевые слова |
групповая динамика |
| a |
Ключевые слова |
лидерство |
| a |
Ключевые слова |
эффективность управления |
| a |
Ключевые слова |
учебное пособие |
| a |
Ключевые слова |
гриф УМО |
| 686 |
Индексы других классификаций |
__ |
| a |
Классификационный индекс |
65.050.9(2)2я73 |
| 2 |
Код системы |
rubbk |
| 686 |
Индексы других классификаций |
__ |
| a |
Классификационный индекс |
65.050.8я73 |
| 2 |
Код системы |
rubbk |
| 801 |
Источник записи |
_0 |
| a |
Страна |
RU |
| b |
Организация |
РУК |
| c |
Дата составления |
20050523 |
| g |
Правила каталогизации |
PSBO |
| 801 |
Источник записи |
_1 |
| a |
Страна |
RU |
| b |
Организация |
РУК |
| c |
Дата составления |
20050523 |
| g |
Правила каталогизации |
PSBO |
| 852 |
Данные о местонахождении |
__ |
| i |
Авторский знак |
О-75 |
| j |
Шифр хранения |
ББК 65.050 |
| 901 |
Тип документа |
__ |
| t |
Тип документа |
m |
| 938 |
Служебная информация |
__ |
| a |
Название организации |
Головной вуз |
| b |
Имя БД |
BOOK |
| c |
Название АИБС |
АИБС ИРБИС |
| 952 |
Тип литературы |
__ |
| b |
Гриф литературы для ВШ |
гриф УМО |